000 01229nam a2200265Ia 4500
003 OSt
005 20220930094818.0
006 a|||||r|||| 00| 0
007 ta
008 220926b |||||||| |||| 00| 0 hin d
024 _a19668
037 _cTheses
040 _aCRL
_cCRL
_bhin
041 _2hin
_ahin
100 _aमीणा, ठण्डी लाल
110 _aदिल्ली विश्वविद्यालय. कला संकाय. संस्कृत विभाग
_9556351
245 0 _aमहालिंग शास्त्री का आधुनिक संस्कृत साहित्य को अवदान
246 _aMahālianga shāstrī kā ādhunik sanskṛut sāhitya ko avadāna
260 _c2013
650 _aसंस्कृत साहित्य
700 _a डॉ. गिरीश चन्द्र पन्त, गा.
_9556352
700 _aदिल्ली विश्वविद्यालय. कला संकाय. संस्कृत विभाग
_9556353
942 _cDIS
_2CC
999 _c887715
_d887715